| Tag |
First Indicator |
Second Indicator |
Subfields |
| LEADER |
00000cam a2200000 a 4500 |
| 001 |
in00000092724 |
| 005 |
20150923132207.0 |
| 008 |
820430s1981 enka b 00110 eng |
| 010 |
|
|
|a 81067892
|
| 015 |
|
|
|a GB***
|
| 019 |
|
|
|a 8406537
|
| 020 |
|
|
|a 0122080807
|
| 035 |
|
|
|a (OCoLC)08381134
|
| 035 |
|
|
|9 AAK7546AM
|
| 039 |
0 |
|
|a 2
|b 3
|c 3
|d 3
|e 3
|
| 040 |
|
|
|a DLC
|c DLC
|d TXA
|d UtOrBLW
|
| 049 |
|
|
|a TXAM
|c [1272675]
|
| 050 |
0 |
0 |
|a TD429
|b D4
|
| 082 |
0 |
|
|a 628.1/62
|2 19
|
| 100 |
1 |
|
|a Dean, Robert B.
|
| 245 |
1 |
0 |
|a Water reuse :
|b problems and solutions /
|c Robert B. Dean and Ebba Lund.
|
| 264 |
|
1 |
|a London ;
|a New York :
|b Academic Press,
|c 1981.
|
| 300 |
|
|
|a xvii, 264 pages :
|b illustrations ;
|c 24 cm.
|
| 336 |
|
|
|a text
|b txt
|2 rdacontent
|
| 337 |
|
|
|a unmediated
|b n
|2 rdamedia
|
| 338 |
|
|
|a volume
|b nc
|2 rdacarrier
|
| 504 |
|
|
|a Includes bibliographical references and index.
|
| 650 |
|
0 |
|a Water reuse.
|
| 700 |
1 |
|
|a Lund, Ebba.
|
| 999 |
|
|
|a MARS
|
| 999 |
f |
f |
|s 7ae35fe7-74d3-3c6e-b044-ac686537e2cb
|i 6a47f277-cb32-3948-beaa-9a5e424fa88a
|t 0
|
| 952 |
f |
f |
|p ric
|a Texas A&M University
|b Rellis Campus
|c Joint Library Facility
|d Remote Storage
|t 0
|e TD429 D4
|h Library of Congress classification
|i unmediated -- volume
|m A14806006051
|
| 998 |
f |
f |
|a TD429 D4
|t 0
|l Remote Storage
|